Uber Facts quiz of all things Irish (Ireland) - Statistics

General Stats
  • This quiz has been taken 430 times
  • The average score is 2 of 15
Answer Stats
Hint Answer % Correct
First R.C president of America? John F.Kennedy
66%
Which American president claims to be Irish but no documentation of this has been found? Bill Clinton
32%
Irish Brigade in the Mexican Army? San Patricios
29%
Who was shot first 2pac or biggie? 2pac
27%
What age did Drake (Rapper) graduate from high school? 25
12%
Most famous gangster of all time? Al Capone
11%
What alcoholic drink strengths your bones and teeth? Beer
5%
River dyed green for St.Patricks day? Chicago River
5%
How many teenage girls have an STD? 1 in 4
3%
How many people have lived on earth? 108 billion
1%
Irish group founded in New York in 1989? Black 47
1%
What is Saint Nicholas the patron saint of Falsely accused prostitudes
1%
Which American president is grandson of a printer from Co.Tyrone Woodrow Wilson
1%
Which day of the year is most common for people to call in sick? Day after Super Bowl
0%
Leader of the brigade? Jon Riley
0%
No matching quizzes found
Score Distribution
Percent of People with Each Score
Percentile by Number Answered
Your Score History
You have not taken this quiz